| 000 | 01370nam a2200337 i 4500 | ||
|---|---|---|---|
| 003 | EG-ScBUE | ||
| 005 | 20231207113701.0 | ||
| 008 | 100401s2009 le o af b 00010b ara d | ||
| 020 | _a9781855163478 | ||
| 040 |
_aEG-ScBUE _bara _erda _cEG-ScBUE _dEG-ScBUE |
||
| 041 | 1 |
_aara _hund |
|
| 043 |
_aawba--- _aawgz--- |
||
| 082 | 0 | 4 |
_222 _a956.9405092 _bم ا ل |
| 100 | 1 |
_913341 _aمالبرينو، جورج، _eمحاور. |
|
| 245 | 1 | 0 |
_aجورج حبش : _bالثوريون لا يموتون أبدا / _cحاوره جورج مالبرينو ؛ ترجمة عقيل الشيخ حسين. |
| 250 | _aالطبعة العربية الأولى. | ||
| 264 | 1 |
_aبيروت : _bدار الساقي، _c2009. |
|
| 300 |
_a334 صفحة : _bصور ؛ _c22 سم |
||
| 336 |
_2rdacontent _aنص _btxt |
||
| 337 |
_aبدون وسيط _2rdamedia _bn |
||
| 338 |
_aمجلد _bnc _2rdacarrier |
||
| 500 | _aيشتمل على ملاحق. | ||
| 504 | _aيشتمل على إرجاعات ببليوجرافية وكشافات. | ||
| 546 | _aالنص مترجم من لغة غير معروفة. | ||
| 650 | 7 |
_aالقضية الفلسطينية. _2BUEsh |
|
| 650 | 7 |
_aالانتفاضة الفلسطينية. _2BUEsh |
|
| 651 | 7 |
_913340 _aفلسطين _xتاريخ _yالعصر الحديث. _2BUEsh |
|
| 655 | _vReading book | ||
| 700 | 1 |
_913342 _aحبش، جورج. |
|
| 942 |
_2ddc _cBB |
||
| 999 |
_c13840 _d13840 |
||